<?xml version="1.0" encoding="UTF-8"?>
<record
    xmlns:xsi="http://www.w3.org/2001/XMLSchema-instance"
    xsi:schemaLocation="http://www.loc.gov/MARC21/slim http://www.loc.gov/standards/marcxml/schema/MARC21slim.xsd"
    xmlns="http://www.loc.gov/MARC21/slim">

  <leader>00775nam a2200217 i 4500</leader>
  <controlfield tag="001">96660</controlfield>
  <controlfield tag="003">ES-MaACL</controlfield>
  <controlfield tag="005">20230906181944.0</controlfield>
  <controlfield tag="007">t|</controlfield>
  <controlfield tag="008">050629s1952    sp           |||| | spa d</controlfield>
  <datafield tag="100" ind1="1" ind2=" ">
    <subfield code="a">Mallea, Eduardo.</subfield>
    <subfield code="9">75799</subfield>
  </datafield>
  <datafield tag="245" ind1="1" ind2="0">
    <subfield code="a">Todo verdor perecer&#xE1; / </subfield>
    <subfield code="c">Eduardo Mellea ; pr&#xF3;logo de Guillermo de la Torre.</subfield>
  </datafield>
  <datafield tag="260" ind1=" " ind2=" ">
    <subfield code="a">Madrid : </subfield>
    <subfield code="b">Aguilar, </subfield>
    <subfield code="c">1952.</subfield>
  </datafield>
  <datafield tag="300" ind1=" " ind2=" ">
    <subfield code="a">492 p., 1 l&#xE1;m. retr. aut. ; </subfield>
    <subfield code="c">12 cm.</subfield>
  </datafield>
  <datafield tag="490" ind1="1" ind2=" ">
    <subfield code="a">Crisol ; </subfield>
    <subfield code="v">372</subfield>
  </datafield>
  <datafield tag="505" ind1="8" ind2=" ">
    <subfield code="a">Contiene: ; </subfield>
    <subfield code="t">Sonata de soledad ; </subfield>
    <subfield code="t">Confesi&#xF3;n ; </subfield>
    <subfield code="t">La causa de Jacobo Uber, perdida ; </subfield>
    <subfield code="t">La rosa de Cernobio ; </subfield>
    <subfield code="t">La celebraci&#xF3;n ; </subfield>
    <subfield code="t">La raz&#xF3;n humana</subfield>
  </datafield>
  <datafield tag="700" ind1="1" ind2=" ">
    <subfield code="a">Torre, Guillermo de (</subfield>
    <subfield code="d">1900-1971)</subfield>
    <subfield code="9">110740</subfield>
  </datafield>
  <datafield tag="830" ind1="0" ind2=" ">
    <subfield code="a">Crisol ; </subfield>
    <subfield code="v">372</subfield>
    <subfield code="9">180848</subfield>
  </datafield>
  <datafield tag="852" ind1=" " ind2=" ">
    <subfield code="a">ES-MaACL</subfield>
    <subfield code="j">D-8402</subfield>
  </datafield>
  <datafield tag="999" ind1=" " ind2=" ">
    <subfield code="c">96660</subfield>
    <subfield code="d">96660</subfield>
  </datafield>
  <datafield tag="952" ind1=" " ind2=" ">
    <subfield code="0">0</subfield>
    <subfield code="1">0</subfield>
    <subfield code="4">0</subfield>
    <subfield code="7">0</subfield>
    <subfield code="a">ATENEOM</subfield>
    <subfield code="b">ATENEOM</subfield>
    <subfield code="c">SVI</subfield>
    <subfield code="d">2008-01-17</subfield>
    <subfield code="e">SC</subfield>
    <subfield code="l">0</subfield>
    <subfield code="o">D-8402</subfield>
    <subfield code="p">901100912</subfield>
    <subfield code="r">2023-02-23 00:00:00</subfield>
    <subfield code="w">2023-02-23</subfield>
    <subfield code="y">MONOGRAFIA</subfield>
  </datafield>
</record>
